El IV Festival de Cannes
Kaydedildi:
| Materyal Türü: | Bilinmiyor |
|---|---|
| Dil: | Spanish |
| Konular: | |
| Etiketler: |
Etiketle
Etiket eklenmemiş, İlk siz ekleyin!
|
MARC
| LEADER | 000000000a22000000004500 | ||
|---|---|---|---|
| 001 | 007576 | ||
| 041 | 0 | |a spa | |
| 245 | 0 | 3 | |a El IV Festival de Cannes |
| 246 | 1 | |a El cuarto Festival de Cannes | |
| 650 | 4 | |a IV FESTIVAL DE CANNES | |
| 650 | 4 | |a FESTIVALES DE CINE | |
| 773 | 0 | |d Madrid, España : Ediciones Mundo Hispánico |t Cuadernos Hispanoamericanos |g número 21 (1951), páginas 449-453 | |
| 942 | |c ARC | ||
| 999 | |c 14539 |d 14539 | ||
